000 00744nam a2200241Ia 4500
003 GCL
008 140319s9999 xx 000 0 ara d
040 _aGCL /
_cGCL
082 0 4 _a331.137
_bس ا
100 1 _aسعيد الخضرى
245 1 0 _aازمة البطالة وسوء استغلال الموارد العربية /
_cسعيد الخضرى
260 _a[S.N] :
_bدار النهضة العربية ،
_c1989
300 _a63
490 _a
650 0 4 _aالاقتصاد
650 0 4 _aالاحوال الاجتماعية
650 0 4 _aالوطن العربى
650 0 4 _aالاحوال الاقتصادية
650 0 4 _aالبطالة
650 0 4 _aالاجتماع
650 0 4 _aالموارد
942 _2ddc
_cBK
999 _c28989
_d28989